[Event "Stay Safe Play From Home 362"]
[Site "Emanuel Lasker Arena"]
[Date "2020.08.06"]
[Round "3"]
[White "Eidgenosse"]
[Black "NTBT_DHS"]
[Result "1-0"]
[WhiteElo "2475"]
[BlackElo "2594"]
[Annotator "TA"]
[PlyCount "153"]
[EventDate "2020.08.06"]
[EventType "swiss (blitz)"]

{[%evp 9,153,14,14,2,14,9,27,-8,-14,0,-2,-31,-26,-37,-56,-69,-21,-84,-83,-103,-72,-114,-79,-126,-97,-206,-97,-121,-76,-78,-11,-76,0,-143,-76,-229,-229,-230,-230,-257,-258,-243,-231,-270,-264,-350,-149,-143,-139,-159,-152,-241,-173,-188,-185,-280,-286,-240,-256,-530,-505,-602,-420,-448,-262,-772,-441,-391,-381,-1210,-1263,-1229,-1218,-1249,-1092,-965,0,-2114,-504,-464,918,-1744,1123,1011,895,947,926,923,2202,5891,29977,29978,29978,29979,29978,29978,29977,29978,29974,29975,29976,29977,29981,29982,29988,29989,29989,29989,29990,29990,29990,29991,29991,29991,29992,29993,29993,29994,29994,29995,29995,29996,29996,29995,29995,29996,29999,29995,29995,29996,29996,29996,29997,29997,29998,29997,29997,29996,29996,29997,29997,29997,29998,29998,29998,5751]} 1. Nf3 g6 2. e3 Bg7 3. d4 d5 4. Be2 Nf6 5. c3 O-O 6. O-O {A40: Unusual replies to 1 d4.} c6 7. Nbd2 {[#]} a5 $146 ({Predecessor:} 7... Bf5 8. h4 Nbd7 9. Ng5 h6 10. Ngf3 Ne4 11. Nxe4 Bxe4 12. Nd2 Bf5 13. g4 Be4 14. Nxe4 dxe4 {0-1 (48) Bourgeois,L (1748)-Gouja,W (1346) Europe Chess INT 2020}) 8. Ne5 {White has an edge.} Nbd7 9. f4 a4 10. Ndf3 Ne4 11. Nd2 Nd6 12. Bd3 Nf6 13. Kh1 (13. c4 $11) 13... Qc7 $17 14. Qe2 c5 15. Ndf3 Bf5 16. Bd2 c4 17. Bb1 (17. Bxf5 $17 Nxf5 18. Rab1) 17... b5 (17... Nfe4 $19 {and Black stays clearly on top. aiming for ...a3.} 18. g4 Be6) 18. a3 Nde4 19. Be1 h5 (19... Qc8 $17) 20. Bc2 (20. h3 $11 {keeps the balance.}) 20... Ng4 (20... Nd6 $17) 21. Bh4 (21. h3 $11 Ngf6 22. Nh4) 21... f6 (21... Nh6 $142 $1 {...f6 is the strong threat.} 22. Ne1 e6) 22. h3 $2 (22. Nxg4 $17 hxg4 23. Bxe4 dxe4 24. Ne1) 22... Nh6 $1 $19 ({Not} 22... fxe5 23. hxg4 Bxg4 24. dxe5 $17) ({Less strong is} 22... Nxe5 23. fxe5 g5 24. Be1 $17) 23. g4 hxg4 24. Nxg4 Nxg4 25. hxg4 Bxg4 26. Qg2 Qd7 27. Rg1 Bh5 (27... Bf5 $19 {is more deadly. Hoping for ...Kf7.} 28. Nd2 Nxd2 29. Qxd2 Kf7) 28. Raf1 $17 Rf7 29. Bxe4 dxe4 30. Nh2 (30. Nd2 $17 {was called for.}) 30... f5 31. Bg5 Bf6 32. Qg3 (32. Bxf6 $142 exf6 33. Qg3) 32... Rh7 $19 33. Kg2 Kf7 34. Rh1 $2 (34. Bxf6 exf6 35. Kf2) 34... Rah8 35. Rfg1 Qd6 36. Kf2 {[#]} b4 (36... Bf3 $142 $1 {[%mdl 512]} 37. Bxf6 (37. Nxf3 Rxh1) 37... Qxf6 38. Nxf3 Rxh1 39. Ne5+ Ke6) 37. cxb4 $2 (37. axb4 a3 38. Bxf6 exf6 39. bxa3) 37... Bf3 38. Nxf3 Rxh1 39. Ne5+ $2 (39. Bxf6 Rxg1 40. Ne5+ Qxe5 41. Bxe5 Rxg3 42. Kxg3) 39... Bxe5 40. fxe5 Qe6 41. Bf4 {[#]} R1h2+ $1 42. Rg2 (42. Qxh2 Rxh2+) 42... R2h3 $2 {[#]} ({Black should play} 42... R2h5 $19 43. d5 Qxd5 44. Qxg6+ Kf8 45. Qg7+ Ke8) 43. Qg5 $2 {[%mdl 8192] [#]} (43. d5 $1 $11 {[%mdl 512]} Qxd5 44. Qxg6+ {[%mdl 64] Double Attack} Kf8 45. Qxf5+ Ke8 46. Qc8+ Kf7 47. Qf5+ Ke8 48. Qc8+ Qd8 49. Qxd8+ Kxd8 50. e6) 43... R8h5 (43... c3 $142 $1 44. d5 (44. bxc3 Qa2+) 44... Rf3+ 45. Kg1 Qa6) 44. d5 Rf3+ $4 {[%mdl 8192]} (44... Qxd5 $19 45. Qxg6+ Kf8 46. Qg7+ Ke8 47. Qg8+ Qxg8 48. Rxg8+ Kf7) 45. Ke2 $4 {[%mdl 8192]} (45. Ke1 $18 Rxg5 46. dxe6+ Kxe6 47. Rxg5) 45... Rxg5 $4 {[%mdl 8192]} ({Weaker is} 45... Qb6 46. e6+ Qxe6 47. dxe6+ Kxe6 48. Qxg6+ Kd7 49. Qxh5 Rxf4 50. exf4) (45... Qa6 $19 46. Qxg6+ Qxg6 47. Rxg6 Kxg6) 46. dxe6+ $18 Kxe6 47. Rxg5 $19 {[%mdl 4096] Endgame KRB-KR} Kf7 48. Rg3 Rxg3 49. Bxg3 $18 {KB-KP} g5 50. b5 {White mates.} Ke6 51. b6 Kd7 {[#]} 52. e6+ $1 Kc6 (52... Kxe6 53. b7) 53. Bc7 Kb7 54. Kd2 Kc6 55. Kc3 f4 56. exf4 e3 57. fxg5 Kd5 58. Kc2 Ke4 59. Kd1 Kd3 60. Ke1 Kc2 61. Be5 Kb3 62. Bc3 Kc2 63. b7 Kd3 64. b8=Q Kc2 {[#]} 65. Qe8 $1 Kb3 66. Qxe7 Kc2 67. Qc7 Kd3 68. Qc6 Kc2 69. Qxc4 Kb1 70. Qxa4 Ka2 71. Qe4 e2 72. Qe3 Ka1 73. Kxe2 Ka2 74. e7 Ka1 75. e8=Q Kb1 76. Q8e6 Kc2 {[#]} 77. Qc1+ $1 {Accuracy: White = 42%, Black = 44%.} 1-0

[Event "Stay Safe Play From Home 362"]
[Site "Emanuel Lasker Arena"]
[Date "2020.08.06"]
[Round "3"]
[White "Nuktotitakoi"]
[Black "Gokerkan"]
[Result "1-0"]
[WhiteElo "2466"]
[BlackElo "2597"]
[Annotator "TA"]
[PlyCount "71"]
[EventDate "2020.08.06"]
[EventType "swiss (blitz)"]

{[%evp 9,71,0,15,-16,30,35,27,30,110,110,87,104,113,48,308,186,435,421,566,298,301,222,1263,714,1548,1531,2119,684,691,685,687,685,664,639,593,510,512,510,1814,221,829,890,29998,804,1380,891,954,867,958,941,964,981,29983,29984,29984,29985,29986,974,29990,29991,29995,29996,29996,29995]} 1. Nf3 c5 2. Nc3 g6 3. e4 Bg7 4. Bc4 Nc6 5. d3 e6 6. h4 {B30: Sicilian: 2...Nc6 3 Bb5, lines without ...g6.} Nge7 7. h5 d5 {[#]} 8. Bb3 $146 {White has an edge.} ({Predecessor:} 8. Bb5 d4 9. Bxc6+ Nxc6 10. Ne2 e5 11. Bg5 f6 12. Bd2 g5 13. c3 Be6 14. Qa4 {½-½ (64) Vachier Lagrave,M (2819)-Nakamura,H (2791) chess.com INT 2016}) 8... Bxc3+ (8... b5 $11) 9. bxc3 $16 {[%cal Bb2c3,Bc3c4][%mdl 32]} dxe4 10. Ng5 exd3 11. Ne4 (11. Qf3 $1 $16 {[%cal Rf3f7]} Rf8 12. Nxh7) 11... Nd5 $2 {[%mdl 8192] Black cannot hold the game after this.} (11... f5 $14 12. Nxc5 dxc2 13. Qxd8+ Nxd8) 12. Qxd3 {Hoping for hxg6.} Qe7 $2 (12... f5) 13. hxg6 $18 fxg6 14. c4 Ndb4 15. Qc3 Rf8 $2 (15... Nd4 16. Bg5 Qc7) 16. a3 Na6 17. Bg5 Qc7 18. Nf6+ (18. O-O-O $142 h6 19. Nf6+ Rxf6 20. Qxf6) 18... Rxf6 19. Qxf6 {Qh8+ would kill now.} Qe5+ 20. Qxe5 Nxe5 21. Rxh7 Nf7 22. Bf6 Nb8 23. O-O-O Nd7 (23... Kf8 $142 24. Ba4 Nc6) 24. Bh4 $2 (24. Ba4 {Intending Rg7 and mate.} b5 25. Bxb5) 24... b5 $2 (24... g5) 25. cxb5 Nf8 {[#]} 26. Rg7 (26. Rd8+ $142 $1 {[%mdl 512]} Nxd8 27. Re7#) 26... Bd7 27. a4 a6 28. c4 axb5 29. cxb5 c4 30. Bc2 e5 31. Bxg6 Nxg6 32. Rxg6 {[%cal Rg6g8]} Kf8 33. Ra6 (33. Rxd7 $142 Rxa4 34. Rf6 Ra1+ 35. Kc2 Ra2+ {[#]} 36. Kc3 $1 {[%mdl 512]} Ra3+ 37. Kb4 $1 {[%mdl 512]} Rd3 38. Rfxf7+ Kg8 39. b6) 33... Be8 34. Rxa8 {White mates.} Nd6 35. Rxd6 Kf7 {[#]} 36. Rxe8 $1 {[%mdl 64] Promotion. Accuracy: White = 31%, Black = 19%.} 1-0

[Event "Stay Safe Play From Home 362"]
[Site "Emanuel Lasker Arena"]
[Date "2020.08.06"]
[Round "3"]
[White "Uber_WING"]
[Black "Lamborghini"]
[Result "1-0"]
[WhiteElo "2442"]
[BlackElo "2311"]
[Annotator "TA"]
[PlyCount "89"]
[EventDate "2020.08.06"]
[EventType "swiss (blitz)"]

{[%evp 11,89,-21,-11,-53,-45,-58,-56,-51,-31,-38,0,-4,0,-3,-8,-17,-3,-14,0,0,0,0,0,0,0,-4,0,0,74,-45,-43,-40,-51,-53,-44,-45,-47,-75,-75,-70,-71,-75,-73,-67,-60,-105,-92,-245,-77,-147,-71,-110,-110,-110,-110,-110,-104,-154,-74,-97,-120,-100,230,204,248,227,366,282,1300,1030,5114,12520,6203,6191,29971,29971,29970,29971,6203,5942]} 1. e4 c5 2. d4 d6 3. Nf3 cxd4 4. c3 Nf6 5. e5 dxe5 6. Nxe5 Nbd7 7. Bb5 {B21: Sicilian: 2 f4 and Morra Gambit.} a6 8. Bxd7+ Nxd7 9. Qxd4 {Black is slightly better.} Nxe5 10. Qxe5 {[#]} Bd7 $146 (10... f6 {looks sharper.} 11. Qh5+ g6 12. Qf3 Be6 13. O-O Qd5) ({Predecessor:} 10... Qd3 11. Qe3 Bf5 12. Qxd3 Bxd3 13. Nd2 Rd8 14. Nf3 Be4 15. Ke2 e5 16. Nxe5 Bxg2 {0-1 (54) Kelemen,I (2131)-Istvanovszky,M (2331) Hungary 2013}) 11. Be3 Qb8 12. Qxb8+ Rxb8 13. Nd2 Bc6 14. f3 e5 15. O-O-O f6 16. Nc4 b5 17. Na5 Ba8 18. Rd2 Be7 19. Rhd1 Rd8 (19... g5 $11) 20. Bb6 (20. Rxd8+ $16 Bxd8 21. Rd6) 20... Rxd2 $15 21. Rxd2 h5 22. Nb3 h4 23. h3 Rh5 24. Bc5 e4 25. Bxe7 Kxe7 26. fxe4 Bxe4 $17 {[%mdl 4096] Endgame KRB-KRN} 27. Re2 Re5 28. Nd2 Bc6 29. Rf2 $2 {[#]} (29. Rxe5+ $17 fxe5 30. Nf3 {[%mdl 64] Double Attack}) 29... g5 $2 (29... Re1+ $1 $19 30. Kc2 Rg1) 30. Kc2 (30. Kd1 $142) 30... Ke6 ({Black should try} 30... f5 {...g4 is the strong threat.} 31. Kd1 g4) 31. Nb3 {Threatening Nd4+.} Be4+ 32. Kd2 f5 33. Nd4+ Kf6 34. b3 f4 (34... Re8 $142 35. a3 Ke5) 35. c4 bxc4 36. bxc4 g4 $2 {[%mdl 8192]} (36... Bb7 $17 37. Nc2 Kf5) 37. Rxf4+ $18 {[%mdl 64] Double Attack} Kg5 38. Rxg4+ Kh5 (38... Kf6 {might work better.} 39. Rxh4 Bxg2 40. Rh6+ Kf7 41. Rxa6 Bf1) 39. Kc3 Bg6 $2 {[#]} (39... Bb7 40. Kd3 Ra5) 40. Nf3 $1 {[%csl Gf3][%cal Rg4h4]} Re3+ {[#]} 41. Kd4 $1 {[%csl Gf3][%cal Rg4h4]} Rd3+ 42. Kc5 {[%csl Gf3][%cal Rg4h4]} Bf5 43. Rg5+ {[%mdl 64] Double Attack} Kh6 44. Rxf5 Ra3 45. Rf4 {Accuracy: White = 63%, Black = 46%.} 1-0

[Event "Stay Safe Play From Home 362"]
[Site "Emanuel Lasker Arena"]
[Date "2020.08.06"]
[Round "3"]
[White "AChessPlayer"]
[Black "SelamiSahin"]
[Result "0-1"]
[WhiteElo "2418"]
[BlackElo "2094"]
[Annotator "TA"]
[PlyCount "76"]
[EventDate "2020.08.06"]
[EventType "swiss (blitz)"]

{[%evp 9,76,7,8,10,18,12,10,-9,-4,-4,-5,-12,-10,-53,-55,-60,-17,-43,0,-52,-50,-34,-44,-54,-20,-180,-159,-232,-218,-210,-133,-354,-69,-88,-102,-164,-141,-159,-149,-166,-144,-145,-75,-77,0,-255,-221,-307,-237,-347,-37,-29,-42,-40,0,0,142,0,0,-29998,175,160,148,120,114,-29996,-29997,-29998,-29999]} 1. Nf3 c6 2. e3 d5 3. d4 Bg4 4. c4 Nd7 5. Nc3 e6 6. h3 {D02: 1 d4 d5 2 Nf3 sidelines, including 2...Nf6 3 g3 and 2...Nf6 3 Bf4.} Bh5 7. Be2 Ngf6 8. Qc2 {The position is equal.} Bd6 {[#]} 9. b3 $146 ({Predecessor:} 9. Bd2 Rc8 10. e4 dxe4 11. Nxe4 Nxe4 12. Qxe4 Bg6 13. Qe3 O-O 14. b4 Re8 15. Bc3 {½-½ (49) Wanyama,H (2269)-Nsubuga,H (2077) Kireka 2016}) 9... O-O 10. Bb2 Re8 11. g4 Bg6 12. Bd3 Rc8 13. Bxg6 hxg6 14. c5 (14. g5 $11 Nh5 15. O-O-O) 14... Bb8 15. g5 Nh5 16. O-O-O e5 17. b4 $2 (17. Nxe5 $11 Bxe5 18. dxe5) 17... a5 18. a3 (18. bxa5 $17 {keeps fighting.} Qxa5 19. Na4) 18... axb4 $19 19. axb4 b6 20. e4 $2 (20. h4 $17) 20... dxe4 $2 (20... exd4 $19 21. Na4 b5) 21. Nxe4 {next dxe5 is good for White.} exd4 22. Bxd4 (22. Rxd4 $17 {might work better.} Nf4 23. cxb6) 22... Bf4+ 23. Kb1 Qc7 24. Rhe1 {[#]} bxc5 $1 25. Nxc5 {[#]} Nxc5 (25... Rxe1 $142 $1 26. Rxe1 Bd6) 26. Bxc5 $17 Rcd8 (26... Rxe1 $17 27. Rxe1 Bd6 28. Bxd6 Qxd6) 27. Nd4 $2 {[%mdl 8192]} (27. Rxe8+ $11 Rxe8 28. Qd3) 27... Bxg5 28. Qc4 Bf6 {White must now prevent ...Rxe1.} 29. Nb3 (29. Rxe8+ $142 Rxe8 30. Nc2) 29... Nf4 $2 (29... Rxe1 $19 30. Rxe1 Qd7) 30. Rxe8+ $15 Rxe8 31. Bd6 {[%mdl 64] Double Attack} Qc8 {And now ...Ne2 would win.} 32. Qxf4 ({But not} 32. Bxf4 $2 Qf5+ 33. Ka2 Re4 $19) 32... Qe6 (32... Re2 $11 {remains equal.} 33. Nd4 Bxd4 34. Qxd4 Qe6) 33. Nc5 (33. Qf3 $16) 33... Qxh3 $40 {[%mdl 128] Black has some attack.} (33... Qe2 $5 34. Qd2 $8 Qf3 $15) 34. Ne4 $2 {[%mdl 8192]} (34. Qg3 $11 Qf5+ 35. Rd3) 34... Qa3 $4 {[%mdl 8192]} (34... Qb3+ {mates} 35. Kc1 Qb2#) 35. Nxf6+ $18 gxf6 36. Qg3 ({Of course not} 36. Qxf6 $6 Qb3+ 37. Kc1 Qc4+ 38. Kb1 Qb3+ 39. Kc1 Qc4+ 40. Kb1 Qb3+ $11) 36... Qa4 37. Rc1 $2 {[%mdl 8192]} (37. Qd3 $16) 37... Re2 {[%csl Ge2][%cal Ra4a2]} 38. Rc2 Qxc2+ {Accuracy: White = 40%, Black = 49%.} 0-1

[Event "Stay Safe Play From Home 362"]
[Site "Emanuel Lasker Arena"]
[Date "2020.08.06"]
[Round "3"]
[White "Sfantul321"]
[Black "Buzaglo"]
[Result "1-0"]
[WhiteElo "1974"]
[BlackElo "1845"]
[Annotator "NA RC"]
[PlyCount "125"]
[EventDate "2020.08.06"]
[EventType "swiss (blitz)"]

1. c4 {[%emt 0:00:02]} e6 {[%emt 0:00:00]} 2. Nc3 {[%emt 0:00:00]} d5 {[%emt 0:00:00]} 3. cxd5 {[%emt 0:00:01]} exd5 {[%emt 0:00:01]} 4. d4 {[%emt 0:00:00]} Nf6 {[%emt 0:00:01]} 5. Nf3 {[%emt 0:00:00]} Be7 {[%emt 0:00:00]} 6. Bg5 {[%emt 0:00:01]} O-O {[%emt 0:00:00]} 7. e3 {[%emt 0:00:00]} Ne4 {[%emt 0:00:01]} 8. Bxe7 {[%emt 0:00:01]} Qxe7 {[%emt 0:00:00]} 9. Bd3 {[%emt 0:00:00]} Nxc3 {[%emt 0:00:01]} 10. bxc3 {[%emt 0:00:01]} c5 {[%emt 0:00:00]} 11. O-O {[%emt 0:00:01]} c4 {[%emt 0:00:01]} 12. Bc2 {[%emt 0:00:01]} g6 {[%emt 0:00:00]} 13. h3 {[%emt 0:00:01]} Nc6 {[%emt 0:00:01]} 14. Rb1 {[%emt 0:00:01]} Re8 {[%emt 0:00:01]} 15. Re1 {[%emt 0:00:01]} b6 {[%emt 0:00:01]} 16. e4 {[%emt 0:00:01]} dxe4 {[%emt 0:00:02]} 17. Bxe4 {[%emt 0:00:01]} Qc7 {[%emt 0:00:01]} 18. Qa4 {[%emt 0:00:02]} Bb7 {[%emt 0:00:02]} 19. Qxc4 {[%emt 0:00:01]} Rac8 {[%emt 0:00:02]} 20. Qd3 {[%emt 0:00:01]} f5 {[%emt 0:00:02]} 21. Bd5+ {[%emt 0:00:01]} Kg7 {[%emt 0:00:01]} 22. Bc4 {[%emt 0:00:02]} Na5 {[%emt 0:00:02]} 23. Bb5 {[%emt 0:00:00]} Rxe1+ {[%emt 0:00:02]} 24. Rxe1 {[%emt 0:00:01]} a6 {[%emt 0:00:00]} 25. Bxa6 {[%emt 0:00:02]} Nc4 {[%emt 0:00:03]} 26. Bxc4 {[%emt 0:00:03]} Qxc4 {[%emt 0:00:00]} 27. Re7+ {[%emt 0:00:01]} Kf6 {[%emt 0:00:02]} 28. Qxc4 {[%emt 0:00:00]} Rxc4 {[%emt 0:00:03]} 29. Rxb7 {[%emt 0:00:00]} Rxc3 {[%emt 0:00:01]} 30. Rxb6+ {[%emt 0:00:01]} Kg7 {[%emt 0:00:01]} 31. Ne5 {[%emt 0:00:01]} Rc2 {[%emt 0:00:00]} 32. Kh2 {[%emt 0:00:01]} Rxa2 {[%emt 0:00:01]} 33. f3 {[%emt 0:00:01]} Rd2 {[%emt 0:00:01]} 34. Rd6 {[%emt 0:00:01]} Kf8 {[%emt 0:00:02]} 35. Rd7 {[%emt 0:00:01]} Ke8 {[%emt 0:00:01]} 36. Rxh7 {[%emt 0:00:01]} Rxd4 {[%emt 0:00:02]} 37. Nxg6 {[%emt 0:00:01]} Rd1 {[%emt 0:00:01]} 38. Nh4 {[%emt 0:00:02]} f4 {[%emt 0:00:00]} 39. Ng6 {[%emt 0:00:03]} Rd4 {[%emt 0:00:01]} 40. Rh4 {[%emt 0:00:01]} Ra4 {[%emt 0:00:00]} 41. Rxf4 {[%emt 0:00:01]} Ra2 {[%emt 0:00:00]} 42. Rf6 {[%emt 0:00:01]} Kd7 {[%emt 0:00:00]} 43. Rf7+ {[%emt 0:00:01]} Kd6 {[%emt 0:00:01]} 44. Rf8 {[%emt 0:00:00]} Kd7 {[%emt 0:00:01]} 45. h4 {[%emt 0:00:00]} Kd6 {[%emt 0:00:00]} 46. h5 {[%emt 0:00:01]} Ra7 {[%emt 0:00:01]} 47. g4 {[%emt 0:00:01]} Rh7 {[%emt 0:00:00]} 48. Kg3 {[%emt 0:00:01]} Ke6 {[%emt 0:00:01]} 49. Kh4 {[%emt 0:00:01]} Kd5 {[%emt 0:00:01]} 50. g5 {[%emt 0:00:01]} Kd4 {[%emt 0:00:00]} 51. h6 {[%emt 0:00:01]} Rb7 {[%emt 0:00:01]} 52. Kh5 {[%emt 0:00:01]} Rb4 {[%emt 0:00:00]} 53. f4 {[%emt 0:00:01]} Rb1 {[%emt 0:00:00]} 54. Nh4 {[%emt 0:00:02]} Rh1 {[%emt 0:00:00]} 55. h7 {[%emt 0:00:01]} Rf1 {[%emt 0:00:00]} 56. h8=Q+ {[%emt 0:00:00]} Ke3 {[%emt 0:00:00]} 57. Qe5+ {[%emt 0:00:01]} Kf2 {[%emt 0:00:00]} 58. Rd8 {[%emt 0:00:01]} Kg1 {[%emt 0:00:00]} 59. Rd2 {[%emt 0:00:01]} Rf2 {[%emt 0:00:00]} 60. Qe3 {[%emt 0:00:02]} Kh1 {[%emt 0:00:02]} 61. Rd1+ {[%emt 0:00:01]} Kh2 {[%emt 0:00:02]} 62. Qxf2+ {[%emt 0:00:00]} Kh3 {[%emt 0:00:00]} 63. Qg2# {[%emt 0:00:01] (Lag: Av=0.40s, max=1.0s) (Lag: Av=0.40s, max=1.0s) (Lag: Av=0.40s, max=1.0s) (Lag: Av=0.40s, max=1.0s) (Lag: Av=0.40s, max=1.0s)} 1-0

[Event "Stay Safe Play From Home 362"]
[Site "Emanuel Lasker Arena"]
[Date "2020.08.06"]
[Round "3"]
[White "Stefanone"]
[Black "SoulofWolf"]
[Result "0-1"]
[WhiteElo "1952"]
[BlackElo "2281"]
[Annotator "TA"]
[PlyCount "114"]
[EventDate "2020.08.06"]
[EventType "swiss (blitz)"]

{[%evp 11,114,2,18,0,0,-23,8,-54,-54,-76,-82,-96,-78,-144,-140,-225,-226,-218,-154,-142,-71,-99,-48,-185,-30,-67,-8,-211,-202,-202,-133,-131,-134,-211,-42,-41,0,-82,-111,-133,0,-12,685,-110,-109,-184,-167,-173,-170,-143,0,-73,187,-65,-65,-65,-66,-58,-16,-208,-76,-75,-57,-197,-184,-267,-226,-432,-213,-467,-236,-300,-225,-383,-365,-352,-243,-246,-226,-259,-172,-532,-413,-524,-475,-29988,-29985,-29985,-29986,-29986,-29987,-29988,-29988,-29989,-29989,-29989,-29990,-29990,-29991,-29991,-29991,-29993,-29992,-29992,-29993]} 1. d4 d6 2. e3 Nf6 3. Nf3 g6 4. b3 Bg7 5. Bb2 O-O 6. Bd3 Nbd7 {[#]} 7. Qe2 $146 {A48: 1 d4 Nf6 2 Nf3 g6: Torre, London and Colle Systems.} ({Predecessor:} 7. O-O e5 8. Nbd2 Qe7 9. dxe5 dxe5 10. e4 Nh5 11. g3 Rd8 12. Qe2 Nc5 13. Nc4 Nxd3 14. cxd3 Bg4 {0-1 (40) Castillo Pena,P (1770)-Siddharth,J (2320) chess.com INT 2020}) 7... b6 8. e4 e6 9. e5 (9. O-O $11) 9... Nd5 $15 10. exd6 cxd6 11. O-O Bb7 12. a3 (12. Qd1 $142) 12... Rc8 13. c4 (13. Qd2 $17) 13... Nf4 $19 14. Qe3 Nxd3 15. Qxd3 Nf6 (15... e5 $142 {White must now prevent ...e4.} 16. Nbd2 f5 17. dxe5 dxe5) 16. Nc3 h5 (16... d5 $17 17. Ne2 Qc7) 17. Qd2 (17. a4 $15) 17... Ng4 $2 (17... Bxf3 $19 18. gxf3 d5 19. cxd5 Nxd5) 18. h3 Bh6 (18... Bxf3 $15 19. hxg4 Bxg4) 19. Ng5 $2 (19. Qd3 $11 {and White stays safe.}) 19... Bxg5 20. f4 Bh6 {...Nf6 is the strong threat.} 21. hxg4 hxg4 {Threatens to win with ...g3.} 22. Qf2 (22. d5 $17) 22... g5 $2 ({Better is} 22... d5 $19 23. cxd5 Bxd5) 23. fxg5 Bxg5 (23... Qxg5 $5 {[%cal Rg4g3]} 24. Bc1 g3 $17) 24. Qg3 (24. Rae1 $11) 24... f5 $17 25. Rae1 Re8 ({Black should try} 25... Qe7 $17 {aiming for ...Bh4.} 26. Re2 Rcd8) 26. d5 Qd7 $2 {[%mdl 8192] [#]} (26... Bh4 $11 27. Qh2 Rc7) 27. dxe6 $2 (27. Ne4 $1 $18 {[%mdl 512]}) 27... Rxe6 28. Nd5 (28. Rxe6 $17 Qxe6 29. Bc1) 28... Bxd5 29. cxd5 Rxe1 30. Rxe1 {And now Re6 would win.} Rc2 (30... f4 $17 31. Qd3 Qh7) 31. Ba1 {[#]} (31. Qh2 $11 {keeps the balance.} Rxb2 32. Qh5) 31... Qb5 $2 {[%mdl 8192] [#]} (31... Qd8 $1 $17) 32. Qxd6 $2 ({Only move:} 32. Qh2 $1 $18 {[%cal Rh2h8] White threatens Qh8+ and mate.} Re2 33. Qh8+ Kf7 34. Rxe2 Qxe2 35. Qh7+ Ke8 36. Qg6+ Kd7 37. Qxf5+ (37. Qxg5 Qe1+ 38. Kh2 Qxa1 $11) 37... Kc7 38. Qxg5 Qe1+ 39. Kh2 g3+ 40. Kh3 Qxa1 41. Qe7+ (41. Qxg3 Qxa3 42. Qg7+ Kb8 $14) (41. Kxg3 Qe1+ 42. Kh2 Qe5+ 43. Qxe5 dxe5 $18) 41... Kc8 42. Qxd6) 32... Qc5+ $15 33. Qxc5 Rxc5 {[%mdl 4096] Endgame KRB-KRB} 34. Rd1 Kf8 35. d6 $2 (35. Be5 $11 {and White has nothing to worry.} Kf7 36. Kh2) 35... Ke8 (35... Rc1 $19 {and Black stays clearly on top.} 36. Rxc1 Bxc1) 36. d7+ $17 Kd8 37. a4 {Black keeps a firm grip on the game.} (37. Bd4 $15 Rc2 38. Rf1) 37... Rc7 $19 38. Bb2 (38. Rb1 $142) 38... Rxd7 39. Rf1 $2 (39. Rxd7+ Kxd7 40. Kf2) 39... Rd5 (39... Be3+ $142 40. Kh2 f4 41. Bf6+ Kc8) 40. Bg7 $2 (40. Bc1 Bxc1 41. Rxc1) 40... Kd7 (40... Be3+ $142 41. Kh2 f4 42. Bf6+ Kc7) 41. g3 Kc6 42. Bc3 $2 (42. Kf2) 42... Be3+ 43. Kg2 Bc5 44. b4 Bd6 45. b5+ Kc5 {Strongly threatening ...Kc4.} 46. Bf6 $2 (46. Rc1) 46... Kc4 47. Rc1+ Kb3 48. Rc4 (48. Kf2 $19) 48... Kxc4 {Black mates.} 49. Bg5 Kb4 50. Kf2 Kxa4 51. Ke3 Kxb5 52. Bf4 Kc6 53. Bg5 a5 {[%cal Ba7a5,Ba5a4][%mdl 32]} 54. Ke2 a4 55. Bc1 b5 {[%cal Bb6b5,Bb5b4,Bb4b3][%mdl 32]} 56. Ba3 b4 57. Bc1 b3 {Accuracy: White = 19%, Black = 26%.} 0-1

[Event "Stay Safe Play From Home 362"]
[Site "Emanuel Lasker Arena"]
[Date "2020.08.06"]
[Round "3"]
[White "Ao017545"]
[Black "Padmaesh M K"]
[Result "0-1"]
[WhiteElo "1549"]
[BlackElo "1791"]
[Annotator "NA RC"]
[PlyCount "56"]
[EventDate "2020.08.06"]
[EventType "swiss (blitz)"]

1. e4 {[%emt 0:00:01]} e5 {[%emt 0:00:01]} 2. Nf3 {[%emt 0:00:03]} Nc6 {[%emt 0:00:00]} 3. Bc4 {[%emt 0:00:01]} Bc5 {[%emt 0:00:02]} 4. d4 {[%emt 0:00:02]} Bxd4 {[%emt 0:00:03]} 5. Ng5 {[%emt 0:00:00]} Nh6 {[%emt 0:00:03]} 6. Qf3 {[%emt 0:00:01]} O-O {[%emt 0:00:01]} 7. Nh3 {[%emt 0:00:01]} d6 {[%emt 0:00:01]} 8. Qg3 {[%emt 0:00:01]} Qf6 {[%emt 0:00:04]} 9. Bg5 {[%emt 0:00:02]} Qg6 {[%emt 0:00:01]} 10. Nd2 {[%emt 0:00:03]} Bxh3 {[%emt 0:00:05]} 11. gxh3 {[%emt 0:00:03]} Bxb2 {[%emt 0:00:11]} 12. Rb1 {[%emt 0:00:03]} Bc3 {[%emt 0:00:00]} 13. Ke2 {[%emt 0:00:02]} Bxd2 {[%emt 0:00:01]} 14. Kxd2 {[%emt 0:00:05]} Nd4 {[%emt 0:00:00]} 15. Rhg1 {[%emt 0:00:03]} Rab8 {[%emt 0:00:04]} 16. Bd5 {[%emt 0:00:06]} c6 {[%emt 0:00:02]} 17. Bc4 {[%emt 0:00:03]} Qxg5+ {[%emt 0:00:02]} 18. Qxg5 {[%emt 0:00:03]} Nf3+ {[%emt 0:00:00]} 19. Ke3 {[%emt 0:00:03]} Nxg5 {[%emt 0:00:00]} 20. Rxg5 {[%emt 0:00:01]} Kh8 {[%emt 0:00:01]} 21. Rbg1 {[%emt 0:00:04]} Rg8 {[%emt 0:00:01]} 22. Bd3 {[%emt 0:00:04]} f6 {[%emt 0:00:02]} 23. Rh5 {[%emt 0:00:00]} Nf7 {[%emt 0:00:02]} 24. Rh6 {[%emt 0:00:01]} Nxh6 {[%emt 0:00:01]} 25. h4 {[%emt 0:00:02]} Rge8 {[%emt 0:00:01]} 26. Be2 {[%emt 0:00:02]} d5 {[%emt 0:00:00]} 27. Bg4 {[%emt 0:00:01]} d4+ {[%emt 0:00:01]} 28. Kd3 {[%emt 0:00:02]} Rbd8 {[%emt 0:00:00] Zaman Zaman Zaman Zaman Zaman (Lag: Av=0.57s, max=1.2s) (Lag: Av=0.57s, max=1.2s) (Lag: Av=0.57s, max=1.2s) (Lag: Av=0.57s, max=1.2s) (Lag: Av=0.57s, max=1.2s)} 0-1